00442 a2200145 4500003000400000005001700004008004100021020001800062040000900080082002000089100001800109245012700127260002800254300001400282OSt20250610102856.0250531b |||||||| |||| 00| 0 eng d a9789353430009 coclc a658.4012bBOC/B1 aBock, Adam J. aThe Business Model Book :bDesign, build and adapt business ideas that drive business growth /cAdam J Bock, Gerard George aIndia:bPearson,c2019. a257 pages